000
00395nam a2200133Ia 4500
008
100328s9999 xx 000 0 und d
082
_b
34579
100
_a
राजे शैलजा
245
_a
आसवांची पालखी
260
_b
मनोरमा
630
_a
आसवांची पालखी
730
_a
आसवांची पालखी
942
_c
BOOK
999
_c
524704
_d
524701